HUTCHISON'S CLINICAL METHODS (Record no. 18540)
[ view plain ]
| 000 -LEADER | |
|---|---|
| fixed length control field | 00311nam a22001457a 4500 |
| 003 - CONTROL NUMBER IDENTIFIER | |
| control field | SGT |
| 082 ## - DEWEY DECIMAL CLASSIFICATION NUMBER | |
| Classification number | 616.24 |
| Item number | H12G |
| 100 ## - MAIN ENTRY--PERSONAL NAME | |
| Personal name | GLYNN, MICHAL |
| 245 ## - TITLE STATEMENT | |
| Title | HUTCHISON'S CLINICAL METHODS |
| 250 ## - EDITION STATEMENT | |
| Edition statement | 23RD |
| 260 ## - PUBLICATION, DISTRIBUTION, ETC. (IMPRINT) | |
| Place of publication, distribution, etc | EDINBURGH |
| Name of publisher, distributor, etc | SOUNDERS |
| Year of Publication | 2012 |
| 300 ## - PAGE DESCRIPTION | |
| No. of Pages | 472 |
| 650 ## - SUBJECT ADDED ENTRY--TOPICAL TERM | |
| Topical term or geographic name as entry element | HOMOEOPATHIC |
| 942 ## - ADDED ENTRY ELEMENTS (KOHA) | |
| Source of classification or shelving scheme | Dewey Decimal Classification |
| Koha item type | Books |
| Withdrawn status | Lost status | Source of classification or shelving scheme | Damaged status | Not for loan | Home library | Current library | Shelving location | Date acquired | Vendor Name | Cost, normal purchase price | SGTU | Bill Number | Total Checkouts | Full call number | Accession No. (Barcode) | Date last seen | Bill Date | Koha item type |
|---|---|---|---|---|---|---|---|---|---|---|---|---|---|---|---|---|---|---|
| Dewey Decimal Classification | Homeopathy Library | Homeopathy Library | Text Book | 19/07/2019 | ABC PUB | 14.00 | SGTU | 7136 | 616.24 H12G | FH741 | 19/07/2019 | 09/08/2016 | Books | |||||
| Dewey Decimal Classification | Homeopathy Library | Homeopathy Library | Text Book | 19/07/2019 | ABC PUB | 14.00 | SGTU | 7136 | 616.24 H12G | FH742 | 19/07/2019 | 09/08/2016 | Books | |||||
| Dewey Decimal Classification | Homeopathy Library | Homeopathy Library | Text Book | 19/07/2019 | ABC PUB | 14.00 | SGTU | 7136 | 616.24 H12G | FH743 | 19/07/2019 | 09/08/2016 | Books | |||||
| Dewey Decimal Classification | Homeopathy Library | Homeopathy Library | Text Book | 19/07/2019 | ABC PUB | 14.00 | SGTU | 7136 | 616.24 H12G | FH744 | 19/07/2019 | 09/08/2016 | Books | |||||
| Dewey Decimal Classification | Homeopathy Library | Homeopathy Library | Text Book | 19/07/2019 | ABC PUB | 14.00 | SGTU | 7136 | 616.24 H12G | FH745 | 19/07/2019 | 09/08/2016 | Books |